000 00471nam a2200169Ia 4500
008 140512s9999 xx 000 0 und d
020 _a9789718740708
050 _aQA 154.2
_b.Al385 2013
100 _aAlfarez, Merle S.
245 _aMSA Intermediate Algebra /
_cMerle S. Alfarez
260 _aQuezon City :
_bMSA Publishing House,
_cc2013
300 _a349 p. :
_bill. ;
_c26 cm.
500 _aIncludes index.
650 _aAlgebra
942 _cBK
999 _c116647
_d116647